| 000 | 00534nam a2200181 4500 | ||
|---|---|---|---|
| 001 | 2800 | ||
| 005 | 20230410130702.0 | ||
| 008 | 060907n1989 dr spa | ||
| 020 | _a8476711085 | ||
| 035 | _9funglode2810 | ||
| 041 | _aES | ||
| 050 | 1 | 4 | _aPN 4193 D542a 1989 |
| 100 | _aDíaz Barrado, Mario Pedro | ||
| 245 | 1 |
_aAnalisis del discurso político : _buna aplicación metodológica / _cMario Pedro Diaz Barrado |
|
| 260 |
_aMerida : _bEditora Regional de Extremadura, _c1989 |
||
| 300 | _a405 p. | ||
| 942 |
_2lcc _cbk |
||
| 999 |
_c78551 _d78551 |
||